| 000 | 01030nam a2200253 a 4500 | ||
|---|---|---|---|
| 001 | 000043490 | ||
| 005 | 20260219105724.0 | ||
| 008 | 140319s2014 dr 001 0 spa d | ||
| 020 | _a9789945423280 | ||
| 040 |
_aDO-SdBNP _bspa _cBNPHU |
||
| 082 |
_a378.7293 _bC348e |
||
| 100 | 1 |
_aCastellanos, Justo Pedro, _d1961- _971189 |
|
| 245 | 1 | 0 |
_aEn la universidad / _cJusto Pedro Castellanos Khoury. |
| 260 |
_aSanto Domingo : _bUniversidad APEC, _c2014. |
||
| 300 |
_a548 p. ; _c23 cm. |
||
| 500 | _aIncluye referencias bibliográficas y notas a pie de páginas. | ||
| 590 | _aInventariado, 2018/MFF | ||
| 650 | 0 |
_aEnsayos dominicanos _965 |
|
| 650 | 4 |
_aUniversidades _zRepública Dominicana _xEnsayos, conferencias, etc. _918822 |
|
| 650 | 4 |
_aAdministración universitaria _xRepública dominicana _xEnsayos, conferencias, etc. _91130 |
|
| 650 | 0 |
_aEducación superior _zRepública Dominicana _9730 |
|
| 710 | 2 |
_aUniversidad Acción Pro Educación y Cultura (República Dominicana) _91639 |
|
| 910 | _aValidado. Control de calidad EMS. | ||
| 999 |
_c42979 _d42979 |
||